000 00583nam a2200205Ia 4500
005 20250508164615.0
008 008 250505s9999 xx 000 0 hin d
037 _aTextual
040 _aFEDL
_beng
_cFEDL
041 _ahin
_2eng
084 _a954, KUM
_qFEDL
100 _aKumar Shashi Prabha Ed.
245 0 _aBhartiya sanskriti: Vividh aayam
260 _aDelhi, India
_bVidyanidhi Prakashan
_c1996
300 _axi,176p
365 _aINR
_b200
650 _aHistory - India; Culture - India
_9778589
942 _cTEXL
_h954, KUM
999 _c1390117
_d1390117